000 00723nam a2200229Ia 4500
003 GCL
005 20240530105407.0
008 140319s9999 xx 000 0 ara d
040 _aGCL /
_cGCL
082 0 4 _a811.75
_bا ا
100 1 _aاميل ناصيف
245 1 0 _aاروع ما قيل فى الوطنيات /
_cاميل ناصيف
260 _aبيروت :
_bدار الجيل ،
_c1993
300 _a151 ص ؛
_c24 سم
650 0 4 _aالشعر العربى
650 0 4 _aالشعر الفارسى
650 0 4 _aدواوين وقصائد
650 0 4 _aالدولة السلجوقية
650 0 4 _aالعصر السلجوقى
650 0 4 _aالخيام , عمر بن ابراهيم
942 _2ddc
_cBK
999 _c55609
_d55609